000 00202 a2200109 4500
020 _a9780451473424
041 _aspa
100 _aJose Fernandez
245 _aReta tu vida
942 _cBK
952 _71
999 _c22350
_d22350